000 00717nam a2200241Ia 4500
005 20250508165024.0
008 008 250505s9999 xx 000 0 eng d
020 _a81-203-0409-8
037 _aTextual
040 _aFEDL
_beng
_cFEDL
041 _aeng
_2eng
084 _a001.642 4, LIU
_qFEDL
100 _aLiu Yu-Cheng
245 0 _aMicrocomputer systems: The 8086/8088 family: Architecture, programming and design,
250 _a2
260 _aNew Delhi, India
_bPrentice Hall of India Private Limited
_c1993
300 _aix,623p.
365 _aINR
_b1295
546 _aMACESE
700 _a Gibson Glenn A
_9779725
942 _cTEXL
_h001.642 4, LIU
999 _c1392707
_d1392707